Представление документа в формате RUSMARC

ПолеНазваниеЗначение
  Тип записи a
  Библиографический уровень a
001 Контрольный номер RU/CBS_UL/BASE/712849289
005 Дата корректировки 20250124000048.7
100 Данные общей обработки __
a Данные общей обработки 20220803d2022 ||| 0rusy0189 ca
101 Язык документа 0_
a Язык текста rus
102 Страна публикации __
a Страна публикации RU
105 Кодированные данные (монография) __
a Кодированные данные (монография) y###||||000|y
181 Поле кодированных данных: вид содержания _1
a Код вида содержания (ISBD) i#
b Код характеристики содержания (ISBD) #xxe##
d i
g x
h x
i e
182 Поле кодированных данных: тип средства _1
a Код типа средства (ISBD) n
2 Код системы (источник кода, отличный от ISBD) isbdmedia
200 Заглавие и сведения об ответственности 1_
a Заглавие Не сгореть на работе и стать профессионалом-долгожителем
b Общее обозначение материала Текст
e Сведения, относящиеся к заглавию [о социальных мерах по снижению производственного травматизма и профилактике профессиональных заболеваний]
g Последующие сведения об ответственности подгот. А. Николаева
w Текст (визуальный) : непосредственный
203 Вид содержания и тип средства __
a Вид содержания Текст
b Характеристика содержания визуальный
c Тип средства непосредственный
300 Общие примечания __
a Общие примечания Содерж. : В проект пригласят шахтёров и металургов
333 Примечание о целевом назначении __
a Примечание о целевом назначении 16+
461 Уровень набора _0
1 2000
a Комсомольская правда
463 Уровень физической единицы _0
1 001RU/CBS_UL/BASE/712845114
1 2000
a № 31-т (3-10 августа)
v С. 24 : фот.
1 210
d 2022
606 Тематические рубрики 0_
a Основная рубрика Производственнный травматизм - Социальное страхование - Российская Федерация
610 Ключевые слова 0_
a Ключевые слова производственнный травматизм
a Ключевые слова вредные производства
a Ключевые слова опасные производства
a Ключевые слова профессиональные заболевания
a Ключевые слова профилактика профессиональных заболеваний
a Ключевые слова нарушения слуха
a Ключевые слова нейросенсорная тугоухость
a Ключевые слова лечебно-профилактические процедуры
686 Индексы других классификаций __
a Классификационный индекс 65.247
2 Код системы rubbk
801 Источник записи _0
a Страна RU
b Организация МБУК ЦБС г. Ульяновска
c Дата составления 20220803
g Правила каталогизации RCR
801 Источник записи _1
a Страна RU
b Организация МБУК ЦБС г. Ульяновска
c Дата составления 20220803
g Правила каталогизации RCR
901 Тип документа __
t Тип документа f
w Контрольный № источника RU/CBS_UL/BASE/712845114
910 Корректоры записи __
a Корректор записи Библиотека 1-2
938 Служебная информация __
a Имя БД period